00552cam a22002291 4500001001300000003000400013005001700017008004100034010001700075035002000092040001800112042001200130050001700142100002600159245002300185260001100208300002300219500001300242500003000255650002000285999001700305sa 66001461 DLC20260227112222.0890227s1962 xx 000 0 urd  asa 66001461  a(OCoLC)23574384 aDLCcMiUdDLC apremarc00aPK2182b.A950 aAziz-Ur-Rahmanecomp.10aʻIlm-i majilsī. c[1962] a8 v. in 1.c22 cm. aIn Urdu. aText partially vocalized. 0aUrdu literature c67830d67830